STABILITNÉ ÚLOHY ŠTÍHLYCH STIEN A PLOCHÝCH ŠKRUPÍN, RIEŠENÉ METÓDOU KONEČNÝCH PRVKOV : Časť 2. Linearizovaná úloha

Bibliographic Details
Main Authors: Ravinger, Ján, 1945- (Author), Djubek, Jozef (Author)
Format: Article
Language:Slovak

MARC

LEADER 00000nab a2200000uu 4500
001 vtls010895987
003 SK-MaSNL
005 20260303141727.0
008 230222|1977 xo |||||||||||||||||slo|
015 |a SNBRB 
035 |a (urnnbn)urn:nbn:sk:snk:ar-006jzj 
035 |a (uuid)76c32402-9acc-4507-b57e-043e00620669 
035 |a urn:nbn:sk:snk-ab8or0 
040 |a SNKBUCL  |b slo  |c SNKBUCL  |e AACR2 
041 0 |a slo 
044 |a xo  |c SK 
100 1 |a Ravinger, Ján,  |d 1945-  |4 aut  |9 215159 
245 1 0 |a STABILITNÉ ÚLOHY ŠTÍHLYCH STIEN A PLOCHÝCH ŠKRUPÍN, RIEŠENÉ METÓDOU KONEČNÝCH PRVKOV :  |b Časť 2. Linearizovaná úloha  |c Ján Ravinger, Jozef Djubek 
700 1 |a Djubek, Jozef  |4 aut  |9 279210 
773 0 |t Stavebnícky časopis : mesačník pre teoretické problémy stavebných látok a konštrukcií  |g Roč. 25, č. 11 (1977), s. 841-851 
954 |a odborná, vedecká literatúra pôvodná (slovenská)  |2 lita 
958 |a OND 
958 |a EUIPO 
958 |a article10 
999 |c 1978237  |d 1980167